[Event "DEM U18w 2004"]
[Site "Willingen GER"]
[Date "2004.05.31"]
[Round "3"]
[White "Schöne, Maria"]
[Black "Janotta, Steffi"]
[Result "1-0"]
[Termination "normal"]
[Board "1"]
[WhiteElo "2037"]
[BlackElo "1929"]
[PlyCount "77"]
[WhiteFideId "4681410"]
[BlackFideId "4696344"]
[EventCountry "GER"]
[EventRounds "9"]
[EventType "swiss"]
[EventDate "2004.05.29"]

1. e4 e5 2. Nf3 Nc6 3. Bb5 a6 4. Ba4 Nf6 5. O-O Be7 6. Re1 b5 7. Bb3 d6 8. c3
O-O 9. d3 Na5 10. Bc2 c5 11. Nbd2 Re8 12. Nf1 Qc7 13. Ng3 h6 14. h3 Bf8 15. Nh4
d5 16. Qf3 dxe4 17. dxe4 Nh7 18. Nhf5 Be6 19. Nf1 Nb7 20. Qg3 Kh8 21. Nh2 Nf6
22. Ng4 Nxg4 23. hxg4 c4 24. g5 hxg5 25. Bxg5 f6 26. Bc1 Rad8 27. Re3 Bxf5 28.
exf5 Kg8 29. Qh4 Kf7 30. Rg3 Rd7 31. a4 Nc5 32. axb5 axb5 33. Qh7 Ke7 34. Be3
Rb8 35. Qg8 Rd6 36. Ra7 Rb7 37. Bxc5 Rxa7 38. Bxa7 Qxa7 39. Rxg7+ 1-0

[Event "DEM U18w 2004"]
[Site "Willingen GER"]
[Date "2004.05.31"]
[Round "3"]
[White "Zhang, Fan"]
[Black "Schulz, Stefanie"]
[Result "1/2-1/2"]
[Termination "normal"]
[Board "2"]
[WhiteElo "1860"]
[BlackElo "2079"]
[PlyCount "55"]
[WhiteFideId "24609730"]
[BlackFideId "4693060"]
[EventCountry "GER"]
[EventRounds "9"]
[EventType "swiss"]
[EventDate "2004.05.29"]

1. d4 Nf6 2. Nf3 c5 3. e3 e6 4. c4 d5 5. Nc3 Nc6 6. cxd5 exd5 7. Be2 Be6 8. O-O
Rc8 9. Re1 Be7 10. dxc5 Bxc5 11. Nd4 O-O 12. Ncb5 a6 13. Nxc6 Rxc6 14. Nd4 Rc8
15. Bd3 Qd7 16. Bd2 Ne4 17. Ba5 Ba7 18. Bb4 Rfd8 19. Qh5 Nf6 20. Qh4 Bc5 21.
Bxc5 Rxc5 22. h3 Rdc8 23. Nb3 R5c7 24. Qb4 Ne8 25. Rac1 Nd6 26. Rxc7 Rxc7 27.
Rc1 Nc4 28. Nd4 1/2-1/2

[Event "DEM U18w 2004"]
[Site "Willingen GER"]
[Date "2004.05.31"]
[Round "3"]
[White "Katte, Isabel"]
[Black "Beltz, Franziska"]
[Result "1/2-1/2"]
[Termination "normal"]
[Board "3"]
[WhiteElo "1944"]
[BlackElo "2028"]
[PlyCount "76"]
[WhiteFideId "24612987"]
[BlackFideId "4681401"]
[EventCountry "GER"]
[EventRounds "9"]
[EventType "swiss"]
[EventDate "2004.05.29"]

1. e4 c5 2. f4 Nc6 3. Nf3 g6 4. Nc3 Bg7 5. Bb5 Nd4 6. a4 e6 7. d3 Ne7 8. e5 O-O
9. O-O d5 10. exd6 Qxd6 11. Bc4 b6 12. Ne4 Qc7 13. c3 Nxf3+ 14. Qxf3 Bb7 15.
Qh3 Nf5 16. g4 Nd6 17. Nxd6 Qxd6 18. f5 exf5 19. gxf5 Rae8 20. Bf4 Qf6 21. fxg6
Qxg6+ 22. Qg3 Re2 23. Qxg6 hxg6 24. Rf2 Rfe8 25. Raf1 Bf6 26. Bg3 Rxf2 27. Rxf2
Kg7 28. Kf1 Bc8 29. Re2 Rd8 30. Bc7 Bh3+ 31. Kf2 Rd7 32. Bf4 Bf5 33. Rd2 Re7
34. Re2 Rd7 35. Rd2 Re7 36. Re2 Rd7 37. Rd2 Bh4+ 38. Kf3 Bf6 1/2-1/2

[Event "DEM U18w 2004"]
[Site "Willingen GER"]
[Date "2004.05.31"]
[Round "3"]
[White "Wolk, Friederike"]
[Black "Krege, Sandra"]
[Result "1/2-1/2"]
[Termination "normal"]
[Board "4"]
[WhiteElo "1992"]
[BlackElo "1907"]
[PlyCount "104"]
[WhiteFideId "4693400"]
[BlackFideId "4680910"]
[EventCountry "GER"]
[EventRounds "9"]
[EventType "swiss"]
[EventDate "2004.05.29"]

1. e4 c5 2. Nc3 e6 3. g3 d5 4. exd5 exd5 5. Bg2 Nf6 6. Nge2 Be7 7. d4 c4 8. O-O
Na6 9. Bg5 Nc7 10. Nf4 Be6 11. Re1 O-O 12. Nxe6 Nxe6 13. Bxf6 Bxf6 14. Nxd5
Bxd4 15. c3 Bc5 16. Qa4 Rc8 17. Rad1 Kh8 18. Qc2 Qg5 19. Qd2 Qf5 20. Ne3 Bxe3
21. Rxe3 Rcd8 22. Qc1 Rxd1+ 23. Qxd1 Rd8 24. Qc1 b6 25. b3 Qc5 26. Bf1 cxb3 27.
axb3 h6 28. Rd3 Rxd3 29. Bxd3 Ng5 30. Kf1 Nf3 31. Be2 Ng5 32. Qc2 Qd5 33. Bc4
Qh1+ 34. Ke2 Qf3+ 35. Ke1 Qh1+ 36. Ke2 Qxh2 37. Qf5 Qh5+ 38. g4 Qg6 39. Qc8+
Kh7 40. Bd3 Ne4 41. f3 Ng3+ 42. Kd2 f5 43. Qc7 Qg5+ 44. Kc2 Qh4 45. gxf5 Qh2+
46. Kb1 Qg1+ 47. Kb2 Qf2+ 48. Bc2 Kg8 49. Qd8+ Kf7 50. Qd7+ Kf8 51. Qd6+ Kf7
52. Qe6+ Kf8 1/2-1/2

[Event "DEM U18w 2004"]
[Site "Willingen GER"]
[Date "2004.05.31"]
[Round "3"]
[White "Kaplun, Viktoria"]
[Black "Auburger, Kirstin"]
[Result "1/2-1/2"]
[Termination "normal"]
[Board "5"]
[WhiteElo "1671"]
[BlackElo "1609"]
[PlyCount "82"]
[WhiteFideId "24621676"]
[BlackFideId "24620726"]
[EventCountry "GER"]
[EventRounds "9"]
[EventType "swiss"]
[EventDate "2004.05.29"]

1. d4 Nf6 2. c4 g6 3. Nc3 d5 4. cxd5 Nxd5 5. e4 Nxc3 6. bxc3 Bg7 7. Bc4 c5 8.
Ne2 Nc6 9. Be3 O-O 10. h4 Qa5 11. Rc1 cxd4 12. Nxd4 Nxd4 13. Bxd4 Rd8 14. Qf3
Bxd4 15. Qxf7+ Kh8 16. Qxe7 Bd7 17. h5 g5 18. O-O Qe5 19. Qf7 Bxc3 20. Rfd1 Bc6
21. Bd5 Bxd5 22. exd5 Rab8 23. d6 a5 24. Rd5 Qf6 25. Rf5 Qxf7 26. Rxf7 Be5 27.
Rcc7 Rxd6 28. Rxh7+ Kg8 29. Rhd7 Rxd7 30. Rxd7 Rc8 31. f3 Rc1+ 32. Kf2 Rc2+ 33.
Kf1 Rc1+ 34. Ke2 Rc7 35. Rd5 Re7 36. Kd3 Bf6 37. Rxa5 Rd7+ 38. Ke2 Re7+ 39. Kf1
Re1+ 40. Kf2 Bd4+ 41. Kg3 Be3 1/2-1/2

[Event "DEM U18w 2004"]
[Site "Willingen GER"]
[Date "2004.05.31"]
[Round "3"]
[White "Müller, Thea-Lina"]
[Black "Romakin, Helene"]
[Result "0-1"]
[Termination "normal"]
[Board "6"]
[WhiteElo "1667"]
[BlackElo "2061"]
[PlyCount "70"]
[WhiteFideId "24604054"]
[BlackFideId "24605964"]
[EventCountry "GER"]
[EventRounds "9"]
[EventType "swiss"]
[EventDate "2004.05.29"]

1. e4 c5 2. Nf3 d6 3. d4 cxd4 4. Nxd4 Nf6 5. Nc3 g6 6. Be3 Bg7 7. f3 Nc6 8. Bc4
O-O 9. Qd2 Nd7 10. O-O-O Nb6 11. Bb3 Na5 12. Qd3 Bd7 13. Kb1 Rc8 14. g4 Nbc4
15. h4 Nxe3 16. Qxe3 Nxb3 17. cxb3 a5 18. h5 Rc5 19. hxg6 fxg6 20. Rd2 Be5 21.
Rg2 e6 22. Nde2 Qf6 23. Rf2 g5 24. Rh5 Kh8 25. Rf1 Be8 26. Rh3 b5 27. Rfh1 Bg6
28. Rd1 Rfc8 29. Nd4 Be8 30. Qd3 b4 31. Nce2 d5 32. Qa6 Bxd4 33. Nxd4 Qxd4 34.
Rhh1 Qf6 35. Qa7 Bg6 0-1

[Event "DEM U18w 2004"]
[Site "Willingen GER"]
[Date "2004.05.31"]
[Round "3"]
[White "Zabarska, Natalia"]
[Black "Helmbold, Irene"]
[Result "1-0"]
[Termination "normal"]
[Board "7"]
[WhiteElo "1709"]
[BlackElo "1990"]
[PlyCount "59"]
[WhiteFideId "24608009"]
[BlackFideId "24600873"]
[EventCountry "GER"]
[EventRounds "9"]
[EventType "swiss"]
[EventDate "2004.05.29"]

1. e4 c5 2. Nc3 e6 3. d3 Nc6 4. f4 g6 5. Nf3 d6 6. g3 Nge7 7. Bg2 Bg7 8. O-O
O-O 9. Be3 Nd4 10. g4 f5 11. exf5 gxf5 12. g5 Rb8 13. h4 b5 14. h5 Nxf3+ 15.
Rxf3 b4 16. Ne2 Bxb2 17. h6 Bxa1 18. Qxa1 Rf7 19. Ng3 Nd5 20. Nh5 Rc7 21. Rg3
Nc3 22. Kf2 e5 23. Bd2 Be6 24. Bxc3 bxc3 25. Qxc3 Bf7 26. Nf6+ Kh8 27. fxe5
dxe5 28. Nd7 Qe8 29. Nxe5 Kg8 30. Nd7 1-0

[Event "DEM U18w 2004"]
[Site "Willingen GER"]
[Date "2004.05.31"]
[Round "3"]
[White "Wetterling, Maria"]
[Black "Frey, Claudia"]
[Result "0-1"]
[Termination "normal"]
[Board "8"]
[WhiteElo "1405"]
[BlackElo "1874"]
[PlyCount "104"]
[WhiteFideId "24624292"]
[BlackFideId "24614513"]
[EventCountry "GER"]
[EventRounds "9"]
[EventType "swiss"]
[EventDate "2004.05.29"]

1. e4 c6 2. d4 d5 3. exd5 cxd5 4. c4 Nf6 5. Nc3 Nc6 6. Nf3 Bg4 7. cxd5 Nxd5 8.
Qb3 Bxf3 9. gxf3 e6 10. Qxb7 Nxd4 11. Bb5+ Nxb5 12. Qc6+ Ke7 13. Nxb5 Rb8 14.
Qc5+ Ke8 15. Qc6+ Qd7 16. Qxd7+ Kxd7 17. a4 a6 18. Na3 Be7 19. Rg1 Bf6 20. Rb1
Rb3 21. Rg3 Rhb8 22. Ra1 g6 23. f4 Bxb2 24. Bxb2 Rxb2 25. Rd1 R8b4 26. Rh3 Rxf4
27. Rd2 Rxd2 28. Kxd2 Rxa4 29. Nc2 h5 30. Rd3 Ke8 31. Rb3 Rf4 32. Ke2 Rc4 33.
Ne1 a5 34. Ra3 a4 35. Nd3 Rc2+ 36. Kd1 Rc3 37. Rxc3 Nxc3+ 38. Kc2 Nb5 39. Nb2
a3 40. Nc4 Nd4+ 41. Kb1 Nf3 42. Ka2 Nxh2 43. Kxa3 Ke7 44. Kb3 Kf6 45. Nd6 Ng4
46. Ne4+ Ke5 47. f3 f6 48. Kc3 Kf4 49. Nc5 Kxf3 50. Nxe6 h4 51. Nd4+ Kg2 52.
Ne2 g5 0-1

[Event "DEM U18w 2004"]
[Site "Willingen GER"]
[Date "2004.05.31"]
[Round "3"]
[White "Wolowski, Laura"]
[Black "Beltz, Carmen"]
[Result "1/2-1/2"]
[Termination "normal"]
[Board "9"]
[WhiteElo "1777"]
[BlackElo "1763"]
[PlyCount "59"]
[BlackFideId "24608726"]
[EventCountry "GER"]
[EventRounds "9"]
[EventType "swiss"]
[EventDate "2004.05.29"]

1. e4 c5 2. c3 d5 3. exd5 Qxd5 4. d4 Nf6 5. Nf3 Bg4 6. Be2 e6 7. O-O Nc6 8. Be3
cxd4 9. cxd4 Be7 10. Nc3 Qd6 11. Qa4 O-O 12. Rfd1 Qb4 13. Qxb4 Nxb4 14. Rac1
Rac8 15. h3 Bh5 16. g4 Bg6 17. Ne5 Rfd8 18. Nxg6 hxg6 19. Bf3 Nbd5 20. Nxd5
Nxd5 21. Bxd5 exd5 22. Kf1 Bf6 23. Ke2 Kf8 24. Kd3 Ke8 25. Bf4 Kd7 26. Rxc8
Rxc8 27. Rc1 Rxc1 28. Bxc1 Ke6 29. b3 Be7 30. Bd2 1/2-1/2

[Event "DEM U18w 2004"]
[Site "Willingen GER"]
[Date "2004.05.31"]
[Round "3"]
[White "Ratner, Syuzanna"]
[Black "Dietzen, Corinna"]
[Result "0-1"]
[Termination "normal"]
[Board "10"]
[WhiteElo "1495"]
[BlackElo "1775"]
[PlyCount "84"]
[BlackFideId "24621021"]
[EventCountry "GER"]
[EventRounds "9"]
[EventType "swiss"]
[EventDate "2004.05.29"]

1. e4 c5 2. Nf3 e6 3. d4 cxd4 4. Nxd4 a6 5. Be2 Qc7 6. O-O Nf6 7. Nd2 b5 8. a3
Bb7 9. Bd3 Be7 10. Kh1 O-O 11. f4 d6 12. c4 bxc4 13. Bxc4 Nxe4 14. Bxe6 fxe6
15. Nxe6 Qc6 16. Nxe4 Qxe4 17. Qg4 Rf7 18. Bd2 Bc8 19. Rae1 Bxe6 20. Qxe6 Qxe6
21. Rxe6 Nc6 22. Rfe1 Rd8 23. g3 Bf6 24. b4 Nd4 25. Re8+ Rxe8 26. Rxe8+ Rf8 27.
Rxf8+ Kxf8 28. Bc3 Nc2 29. Bxf6 gxf6 30. a4 Nxb4 31. Kg2 Nd3 32. Kf3 Nc5 33. a5
Nb3 34. Ke4 Nxa5 35. Kd5 Ke7 36. g4 Nb3 37. f5 a5 38. Kc4 Nc5 39. h4 h6 40. h5
a4 41. Kb4 d5 42. Kxc5 a3 0-1

[Event "DEM U18w 2004"]
[Site "Willingen GER"]
[Date "2004.05.31"]
[Round "3"]
[White "Reeves, Anna"]
[Black "Hauser, Anna"]
[Result "1-0"]
[Termination "normal"]
[Board "11"]
[WhiteElo "1685"]
[BlackElo "1454"]
[PlyCount "31"]
[EventCountry "GER"]
[EventRounds "9"]
[EventType "swiss"]
[EventDate "2004.05.29"]

1. e4 d5 2. exd5 Qxd5 3. Nc3 Qa5 4. d4 c6 5. Bc4 Bf5 6. Qe2 Nf6 7. Bd2 e6 8. d5
cxd5 9. Nxd5 Qd8 10. Nxf6+ Qxf6 11. O-O-O Be7 12. Bc3 Qg6 13. f3 Bg5+ 14. Kb1
Qh6 15. h4 Be7 16. g4 1-0

[Event "DEM U18w 2004"]
[Site "Willingen GER"]
[Date "2004.05.31"]
[Round "3"]
[White "Salden, Franziska"]
[Black "Schmidt, Jade"]
[Result "1-0"]
[Termination "normal"]
[Board "13"]
[WhiteElo "1637"]
[BlackElo "1699"]
[PlyCount "61"]
[WhiteFideId "24601268"]
[EventCountry "GER"]
[EventRounds "9"]
[EventType "swiss"]
[EventDate "2004.05.29"]

1. e4 e6 2. d4 d5 3. Nc3 Bb4 4. e5 c5 5. a3 Ba5 6. f4 Nc6 7. Nf3 Nge7 8. Be3
Nf5 9. Bf2 Qb6 10. Rb1 Bxc3+ 11. bxc3 Qa5 12. Qd2 c4 13. Be2 Qxa3 14. O-O O-O
15. g4 Nh6 16. Nh4 Kh8 17. Kh1 a6 18. Rg1 Qe7 19. Nf3 b5 20. Rg3 Bd7 21. Be3
Ng8 22. Rh3 f6 23. Nh4 Be8 24. f5 fxe5 25. Ng6+ Bxg6 26. fxg6 Nf6 27. g5 Ne4
28. Rxh7+ Kg8 29. Qe1 Nxg5 30. Rh8+ Kxh8 31. Qh4+ 1-0

[Event "DEM U18w 2004"]
[Site "Willingen GER"]
[Date "2004.05.31"]
[Round "3"]
[White "Schulze, Dorothee"]
[Black "Buncke, Johanna"]
[Result "1/2-1/2"]
[Termination "normal"]
[Board "14"]
[WhiteElo "1667"]
[BlackElo "1544"]
[PlyCount "36"]
[WhiteFideId "24609498"]
[EventCountry "GER"]
[EventRounds "9"]
[EventType "swiss"]
[EventDate "2004.05.29"]

1. e4 c5 2. Nf3 Nc6 3. d4 cxd4 4. Nxd4 Nf6 5. Nc3 e6 6. g3 a6 7. Bg2 Bb4 8. O-O
O-O 9. Be3 Bxc3 10. bxc3 d5 11. Nxc6 bxc6 12. e5 Nd7 13. f4 a5 14. Qg4 Rb8 15.
Rfb1 Ba6 16. Bf1 Bxf1 17. Kxf1 Qe7 18. Rxb8 Rxb8 1/2-1/2

[Event "DEM U18w 2004"]
[Site "Willingen GER"]
[Date "2004.06.01"]
[Round "4"]
[White "Zhang, Fan"]
[Black "Schöne, Maria"]
[Result "1/2-1/2"]
[Termination "normal"]
[Board "1"]
[WhiteElo "1860"]
[BlackElo "2037"]
[PlyCount "120"]
[WhiteFideId "24609730"]
[BlackFideId "4681410"]
[EventCountry "GER"]
[EventRounds "9"]
[EventType "swiss"]
[EventDate "2004.05.29"]

1. d4 Nf6 2. Nf3 g6 3. Bf4 Bg7 4. h3 d6 5. e3 O-O 6. Be2 Nfd7 7. c3 e5 8. Bh2
Nc6 9. Qc2 h6 10. Nbd2 f5 11. dxe5 dxe5 12. g4 Qe7 13. gxf5 gxf5 14. O-O-O Kh8
15. Rhg1 e4 16. Nd4 Nce5 17. Qb3 Nc5 18. Qc2 Ncd3+ 19. Bxd3 Nxd3+ 20. Kb1 Nxf2
21. Rdf1 Nd3 22. Nc4 Be6 23. Na5 Be5 24. Rg6 Rf6 25. Bxe5 Nxe5 26. Rxf6 Qxf6
27. Qxe4 Bc4 28. Nxc4 Nxc4 29. Qxf5 Qb6 30. Qf6+ Qxf6 31. Rxf6 Kg7 32. Re6 Rf8
33. b3 Nd6 34. Re7+ Kg6 35. Rxc7 Rf1+ 36. Kc2 Rh1 37. Ne6 Kf5 38. Nf4 Ke4 39.
Re7+ Kf3 40. Re5 Rh2+ 41. Kd3 Rxa2 42. Re6 Nf5 43. Rf6 Ra5 44. Ne6 Kg3 45. e4
Nh4 46. Rxh6 Kxh3 47. Rh7 b6 48. Nd4 Kg4 49. Nc6 Rb5 50. b4 a5 51. c4 Rg5 52.
bxa5 bxa5 53. Ra7 Kf4 54. Rxa5 Rg3+ 55. Kd4 Nf3+ 56. Kd5 Rg5+ 57. Kd6 Rxa5 58.
Nxa5 Kxe4 59. c5 Nd4 60. Nb7 Nb3 1/2-1/2

[Event "DEM U18w 2004"]
[Site "Willingen GER"]
[Date "2004.06.01"]
[Round "4"]
[White "Schulz, Stefanie"]
[Black "Zabarska, Natalia"]
[Result "1-0"]
[Termination "normal"]
[Board "2"]
[WhiteElo "2079"]
[BlackElo "1709"]
[PlyCount "43"]
[WhiteFideId "4693060"]
[BlackFideId "24608009"]
[EventCountry "GER"]
[EventRounds "9"]
[EventType "swiss"]
[EventDate "2004.05.29"]

1. e4 e5 2. Nf3 f5 3. d3 Nc6 4. g3 Nf6 5. exf5 d5 6. Bg2 Bc5 7. O-O O-O 8. Nxe5
Bxf5 9. Nxc6 bxc6 10. d4 Bd6 11. Nc3 Qd7 12. Re1 Bh3 13. f3 Bxg2 14. Kxg2 Nh5
15. Ne2 Rf6 16. g4 Raf8 17. Rf1 Rxf3 18. Rxf3 Qxg4+ 19. Ng3 Rf6 20. Be3 Rg6 21.
Qe1 Qh4 22. Bg5 1-0

[Event "DEM U18w 2004"]
[Site "Willingen GER"]
[Date "2004.06.01"]
[Round "4"]
[White "Romakin, Helene"]
[Black "Krege, Sandra"]
[Result "1-0"]
[Termination "normal"]
[Board "3"]
[WhiteElo "2061"]
[BlackElo "1907"]
[PlyCount "107"]
[WhiteFideId "24605964"]
[BlackFideId "4680910"]
[EventCountry "GER"]
[EventRounds "9"]
[EventType "swiss"]
[EventDate "2004.05.29"]

1. c4 f5 2. Nf3 e6 3. g3 Nf6 4. Bg2 d5 5. O-O c6 6. b3 Bd6 7. Bb2 O-O 8. d3
Nbd7 9. Nbd2 Qe8 10. e4 fxe4 11. dxe4 dxe4 12. Ng5 e3 13. fxe3 Bc5 14. Qe2 e5
15. Nge4 Qe7 16. Rad1 a5 17. h3 a4 18. Nxc5 Qxc5 19. Kh2 Nb6 20. Ne4 Nxe4 21.
Rxf8+ Qxf8 22. Bxe4 axb3 23. Qh5 h6 24. Bxe5 Rxa2+ 25. Kh1 Nd7 26. Qg6 Rf2 27.
Bf4 Nf6 28. Bg2 b2 29. Kg1 Re2 30. Qd3 Rxg2+ 31. Kxg2 Qe7 32. Qc2 Qe6 33. Qxb2
Qxh3+ 34. Kg1 Qg4 35. Rd6 Kf7 36. Qd2 Be6 37. Rd4 g5 38. Be5 Qf5 39. Bxf6 Kxf6
40. Qf2 Kg6 41. Qxf5+ Kxf5 42. g4+ Kg6 43. c5 Kf6 44. Kf2 Ke5 45. Kg3 Bc8 46.
Rd8 Be6 47. Rd6 b5 48. Rxc6 b4 49. Rb6 b3 50. e4 Bf7 51. c6 Kd6 52. e5+ Ke7 53.
c7 Kd7 54. e6+ 1-0

[Event "DEM U18w 2004"]
[Site "Willingen GER"]
[Date "2004.06.01"]
[Round "4"]
[White "Beltz, Franziska"]
[Black "Auburger, Kirstin"]
[Result "1-0"]
[Termination "normal"]
[Board "4"]
[WhiteElo "2028"]
[BlackElo "1609"]
[PlyCount "87"]
[WhiteFideId "4681401"]
[BlackFideId "24620726"]
[EventCountry "GER"]
[EventRounds "9"]
[EventType "swiss"]
[EventDate "2004.05.29"]

1. e4 d5 2. exd5 Qxd5 3. Nc3 Qa5 4. d4 c6 5. Bc4 Bf5 6. Nf3 Nf6 7. Bd2 e6 8.
Qe2 Bb4 9. O-O-O Nbd7 10. a3 Bxc3 11. Bxc3 Qc7 12. Ne5 Nxe5 13. dxe5 Nd5 14.
Bd2 O-O-O 15. g4 Bg6 16. f4 h5 17. h3 Kb8 18. Rhf1 hxg4 19. hxg4 Qb6 20. Rde1
Ne7 21. Rf3 a5 22. Rb3 Qc7 23. Be3 Nd5 24. Bg1 a4 25. Rf3 Qa5 26. Qf2 b5 27.
Ba2 Ne7 28. Rc3 Kb7 29. Qc5 Rd7 30. f5 exf5 31. e6 fxe6 32. Bxe6 Rc7 33. gxf5
Be8 34. Bf2 Ka6 35. Kb1 Rb7 36. Rd3 Rh5 37. Bc8 Nxc8 38. Rxe8 Rh1+ 39. Ka2 Qc7
40. Re6 Na7 41. Rdd6 Rb6 42. Qxb6+ Qxb6 43. Bxb6 Kxb6 44. Rd7 1-0

[Event "DEM U18w 2004"]
[Site "Willingen GER"]
[Date "2004.06.01"]
[Round "4"]
[White "Frey, Claudia"]
[Black "Wolk, Friederike"]
[Result "1/2-1/2"]
[Termination "normal"]
[Board "5"]
[WhiteElo "1874"]
[BlackElo "1992"]
[PlyCount "69"]
[WhiteFideId "24614513"]
[BlackFideId "4693400"]
[EventCountry "GER"]
[EventRounds "9"]
[EventType "swiss"]
[EventDate "2004.05.29"]

1. e4 c5 2. Nc3 Nc6 3. g3 e6 4. Bg2 Nf6 5. d3 Be7 6. f4 d5 7. e5 Nd7 8. Nf3 b5
9. O-O b4 10. Ne2 Ba6 11. Be3 c4 12. d4 Qb6 13. Bf2 Qb5 14. Re1 Rb8 15. g4 h5
16. h3 hxg4 17. hxg4 g6 18. f5 gxf5 19. gxf5 Nb6 20. Nh2 Kd7 21. Nf4 Bg5 22.
fxe6+ fxe6 23. Nxe6 Rbg8 24. Nc5+ Kd8 25. Ne6+ Kd7 26. Nc5+ Kd8 27. Qf3 Bc8 28.
Qf7 Rf8 29. Ne6+ Bxe6 30. Qxe6 Ne7 31. Qd6+ Qd7 32. Qxd7+ Nxd7 33. Nf3 Bf4 34.
Bh4 Rhg8 35. Bxe7+ 1/2-1/2

[Event "DEM U18w 2004"]
[Site "Willingen GER"]
[Date "2004.06.01"]
[Round "4"]
[White "Dietzen, Corinna"]
[Black "Katte, Isabel"]
[Result "1-0"]
[Termination "normal"]
[Board "6"]
[WhiteElo "1775"]
[BlackElo "1944"]
[PlyCount "91"]
[WhiteFideId "24621021"]
[BlackFideId "24612987"]
[EventCountry "GER"]
[EventRounds "9"]
[EventType "swiss"]
[EventDate "2004.05.29"]

1. c4 Nf6 2. Nc3 d5 3. cxd5 Nxd5 4. g3 Nxc3 5. bxc3 g6 6. Bg2 Bg7 7. Nf3 c6 8.
O-O O-O 9. Rb1 Nd7 10. d4 Nf6 11. Ne5 Nd5 12. Qc2 Nb6 13. Rd1 Qc7 14. Bf4 g5
15. Bxg5 Bxe5 16. dxe5 Qxe5 17. Bh6 Re8 18. Be4 f5 19. Bd3 Qf6 20. Qd2 Be6 21.
Rb2 Red8 22. Qc1 Rd7 23. Be3 Bd5 24. a3 Na4 25. Rb4 b5 26. Rd2 a5 27. Rf4 Qxc3
28. Qxc3 Nxc3 29. Bxf5 e5 30. Bxd7 exf4 31. Bxf4 Ne4 32. Rc2 Kg7 33. Bxc6 Rc8
34. Bxd5 Rxc2 35. Bxe4 Rxe2 36. Bd3 Ra2 37. Bd6 b4 38. axb4 axb4 39. Bxb4 Ra4
40. Bc3+ Kh6 41. Bb5 Ra8 42. f4 Rb8 43. Bd7 Rd8 44. Be6 Re8 45. f5 Rb8 46. f6
1-0

[Event "DEM U18w 2004"]
[Site "Willingen GER"]
[Date "2004.06.01"]
[Round "4"]
[White "Janotta, Steffi"]
[Black "Kaplun, Viktoria"]
[Result "1-0"]
[Termination "normal"]
[Board "7"]
[WhiteElo "1929"]
[BlackElo "1671"]
[PlyCount "83"]
[WhiteFideId "4696344"]
[BlackFideId "24621676"]
[EventCountry "GER"]
[EventRounds "9"]
[EventType "swiss"]
[EventDate "2004.05.29"]

1. e4 c5 2. Nf3 e6 3. d4 cxd4 4. Nxd4 a6 5. Nc3 Qc7 6. Bd3 b5 7. O-O Nf6 8. Qe1
d6 9. Kh1 Bb7 10. f4 Nbd7 11. Nf3 e5 12. f5 Be7 13. Bg5 Rc8 14. Qh4 b4 15. Nd1
Nc5 16. Nf2 h6 17. Rfe1 Rg8 18. Bxf6 Bxf6 19. Qg3 g5 20. Ng4 Bg7 21. Rad1 h5
22. Nf2 Bf6 23. Ng1 g4 24. h3 Rh8 25. Ne2 Ke7 26. c3 gxh3 27. Qxh3 a5 28. Rd2
Bg5 29. f6+ Bxf6 30. Ng3 Rcg8 31. Nf5+ Kf8 32. Bc2 Bc8 33. Red1 Nb7 34. Bb3 h4
35. Ng4 Bxf5 36. exf5 Bg5 37. Rd3 Nc5 38. Rxd6 Nxb3 39. f6 Nd4 40. Nxe5 Ne6 41.
Nd7+ Ke8 42. Rxe6+ 1-0

[Event "DEM U18w 2004"]
[Site "Willingen GER"]
[Date "2004.06.01"]
[Round "4"]
[White "Reeves, Anna"]
[Black "Wolowski, Laura"]
[Result "1-0"]
[Termination "normal"]
[Board "8"]
[WhiteElo "1685"]
[BlackElo "1777"]
[PlyCount "107"]
[EventCountry "GER"]
[EventRounds "9"]
[EventType "swiss"]
[EventDate "2004.05.29"]

1. e4 e6 2. d4 d5 3. exd5 exd5 4. Bd3 Bd6 5. c3 Nc6 6. h3 Nge7 7. Nf3 h6 8. Be3
Be6 9. Qd2 Qd7 10. Bf4 O-O-O 11. Bxd6 Qxd6 12. Qc2 g5 13. Nbd2 f5 14. O-O-O
Rdf8 15. Rde1 Ng6 16. g3 Nge7 17. Nb3 b6 18. Ne5 Nxe5 19. Rxe5 Nc6 20. Re2 f4
21. g4 h5 22. Rhe1 Bd7 23. f3 hxg4 24. hxg4 Rh3 25. Nd2 Rfh8 26. Bf5 Rh1 27.
Bxd7+ Qxd7 28. Qg6 b5 29. b4 a5 30. a3 axb4 31. axb4 Kb7 32. Qxg5 Qf7 33. Kd1
R1h3 34. Re6 Qd7 35. Qxf4 Ra8 36. Nb3 Kb6 37. Qf6 Ra3 38. Kc2 Rh2+ 39. R1e2
Ra2+ 40. Kd3 Qh7+ 41. Qf5 Qh3 42. Rxa2 Rxa2 43. Nd2 Qg2 44. Qg5 Kb7 45. Qf4
Nxb4+ 46. cxb4 Ra3+ 47. Kc2 Ra2+ 48. Kc3 Ra3+ 49. Kb2 Rd3 50. Kc2 Ra3 51. Re7
Ra2+ 52. Kc3 Ra3+ 53. Kb2 Rxf3 54. Qxc7+ 1-0

[Event "DEM U18w 2004"]
[Site "Willingen GER"]
[Date "2004.06.01"]
[Round "4"]
[White "Beltz, Carmen"]
[Black "Müller, Thea-Lina"]
[Result "0-1"]
[Termination "normal"]
[Board "9"]
[WhiteElo "1763"]
[BlackElo "1667"]
[PlyCount "80"]
[WhiteFideId "24608726"]
[BlackFideId "24604054"]
[EventCountry "GER"]
[EventRounds "9"]
[EventType "swiss"]
[EventDate "2004.05.29"]

1. e4 c5 2. Nf3 e6 3. d4 cxd4 4. Nxd4 Nf6 5. Nc3 d6 6. Bc4 a6 7. Be3 b5 8. Bb3
b4 9. Na4 Nxe4 10. O-O Nc5 11. Re1 Be7 12. Nxc5 dxc5 13. Ba4+ Bd7 14. Nxe6 fxe6
15. Qh5+ g6 16. Qe5 Bf6 17. Qxe6+ Qe7 18. Bxd7+ Nxd7 19. Qc6 O-O 20. Bh6 Qf7
21. Bxf8 Rxf8 22. Qe6 Bxb2 23. Qxf7+ Rxf7 24. Re8+ Kg7 25. Rae1 Bd4 26. R1e2
Rf5 27. R8e7+ Rf7 28. Rxf7+ Kxf7 29. Kf1 Ne5 30. f3 Nc4 31. Ke1 Ne3 32. h3 Kf6
33. Kd2 Ke5 34. Rxe3+ Bxe3+ 35. Kxe3 h6 36. f4+ Kd5 37. g4 a5 38. Kd3 c4+ 39.
Ke3 a4 40. f5 gxf5 0-1

[Event "DEM U18w 2004"]
[Site "Willingen GER"]
[Date "2004.06.01"]
[Round "4"]
[White "Helmbold, Irene"]
[Black "Ratner, Syuzanna"]
[Result "1-0"]
[Termination "normal"]
[Board "10"]
[WhiteElo "1990"]
[BlackElo "1495"]
[PlyCount "55"]
[WhiteFideId "24600873"]
[EventCountry "GER"]
[EventRounds "9"]
[EventType "swiss"]
[EventDate "2004.05.29"]

1. e4 e5 2. Nf3 Nc6 3. Nc3 Nf6 4. d4 exd4 5. Nd5 d6 6. Bb5 Bd7 7. Nxf6+ Qxf6 8.
Bg5 Qg6 9. O-O f6 10. Bf4 O-O-O 11. Re1 Ne5 12. Bxd7+ Rxd7 13. Nxd4 Qf7 14. Nb5
a6 15. Nc3 g5 16. Be3 h5 17. Nd5 h4 18. Qd4 h3 19. Qa7 Nc6 20. Qa8+ Nb8 21. Ba7
Rd8 22. Qxb8+ Kd7 23. Qxc7+ Ke8 24. Qxf7+ Kxf7 25. Bd4 Bg7 26. g3 g4 27. Ne3
Rc8 28. c3 1-0

[Event "DEM U18w 2004"]
[Site "Willingen GER"]
[Date "2004.06.01"]
[Round "4"]
[White "Brethauer, Sarah"]
[Black "Wetterling, Maria"]
[Result "1-0"]
[Termination "normal"]
[Board "11"]
[WhiteElo "1887"]
[BlackElo "1405"]
[PlyCount "71"]
[WhiteFideId "24605220"]
[BlackFideId "24624292"]
[EventCountry "GER"]
[EventRounds "9"]
[EventType "swiss"]
[EventDate "2004.05.29"]

1. e4 e6 2. d4 d5 3. Nd2 c5 4. exd5 Qxd5 5. dxc5 Bxc5 6. Ngf3 Nf6 7. Bc4 Qd6 8.
O-O O-O 9. Qe2 Nc6 10. Nb3 Bb6 11. Bg5 e5 12. Rad1 Qe7 13. h3 Bf5 14. Rfe1 Rfe8
15. Bb5 Bc7 16. Bxc6 bxc6 17. Nfd4 Bd7 18. Qc4 e4 19. Nxc6 Bxc6 20. Qxc6 Qe5
21. f4 Bb6+ 22. Qxb6 Qxg5 23. fxg5 axb6 24. gxf6 Rxa2 25. Rxe4 Rc8 26. Rg4 g6
27. Rgd4 Raa8 28. Rd6 h6 29. c3 Rcb8 30. Nd4 b5 31. Nc6 Re8 32. Rd8 Kh7 33.
Rxa8 Rxa8 34. Rd7 g5 35. Rxf7+ Kg8 36. Rg7+ 1-0